00902nam a22002535a 450000500170000000800410001702000180005804000380007608200220011410000270013624500530016326000330021630000350024950000270028450400410031165000350035265000360038765000320042365100100045565300210046594200080048699900170049495201370051120201128023748.0160609t2014 ii a frb 001 0 eng d a9788126556236 aEG-ScBUEbengcEG-ScBUEdEG-ScBUE04222a004.6782bABB1 aAbbadi, Imad M.94014010aCloud management and security /cImad M. Abbadi. aNew Delhi :bWiley,cc.2014. axxii, 216 p. :bill. ;c24 cm. aIndex : p. [213]-2016. aIncludes bibliographical references. 72BUEsh937309aCloud computing. 792637aComputer security.2BUEsh 7aWeb services.2BUEsh940141 2BUEsh bCOMSCIcJune2016 2ddc c21861d21833 00102ddc40708AlahramaMAINbMAINcLOWd2016-06-09ePurchaseg198.00l0o004.6782 ABBp000032646r2025-07-15 00:00:00v247.50yBB